| 000 | 01298cam a2200373 a 4500 | ||
|---|---|---|---|
| 001 | 12790845 | ||
| 003 | OSt | ||
| 005 | 20140310184331.0 | ||
| 008 | 020529s2002 nyu c 000 1 eng | ||
| 010 | _a 2002074506 | ||
| 020 | _a0439591015 | ||
| 040 |
_aDLC _cDLC _dDLC |
||
| 042 | _alcac | ||
| 050 | 0 | 0 |
_aPZ 8 _b.B167 2003 |
| 100 | 1 |
_aBaker, E. D. _96993 |
|
| 245 | 1 | 4 |
_aThe frog princess / _cE.D. Baker. |
| 250 | _a1st U.S. ed. | ||
| 260 |
_aNew York : _bscholastic, _c2003. |
||
| 300 |
_a214 p. : _c21 cm. |
||
| 521 | _aG5 | ||
| 526 | _c710 | ||
| 650 | 1 |
_aFairy tales. _93114 |
|
| 650 | 1 |
_aFrogs _vFiction. _96994 |
|
| 650 | 1 |
_aPrincesses _vFiction. _96995 |
|
| 650 | 1 |
_aPrinces _vFiction. _96996 |
|
| 650 | 1 |
_aWitches _vFiction. _96997 |
|
| 650 | 1 |
_aHumorous stories. _93831 |
|
| 856 | 4 | 2 |
_3Contributor biographical information _uhttp://www.loc.gov/catdir/bios/hol055/2002074506.html |
| 856 | 4 | 2 |
_3Publisher description _uhttp://www.loc.gov/catdir/description/hol052/2002074506.html |
| 906 |
_a7 _bcbc _corignew _d1 _eocip _f20 _gy-gencatlg |
||
| 942 |
_2lcc _cBK-SCHOLAS |
||
| 999 |
_c33672 _d33672 |
||